logo

Bir Sreshtho Munshi Abdur Rouf Library
Jhenaidah Cadet College

The new international Webster's pocket spelling dictionary of the English language / (Record no. 9584)

MARC details
000 -LEADER
fixed length control field 00964cam a2200301 a 4500
001 - CONTROL NUMBER
JCCL Control Number 9584
003 - CONTROL NUMBER IDENTIFIER
JCCL marc code BD-JhCC
005 - DATE AND TIME OF LATEST TRANSACTION
control field 20180319202240.0
008 - FIXED-LENGTH DATA ELEMENTS--GENERAL INFORMATION
fixed length control field 180319s2001 ii 000 0 eng
020 ## - INTERNATIONAL STANDARD BOOK NUMBER
International Standard Book Number 1888777516
035 ## - SYSTEM CONTROL NUMBER
system control number (BD-JhCC)9584
040 ## - CATALOGING SOURCE
Original cataloging agency DLC
Transcribing agency DLC
Modifying agency DLC
041 ## - LANGUAGE CODE
Language code of Book eng
050 00 - LIBRARY OF CONGRESS CALL NUMBER
Classification number PE1146
Item number .N54 2001
082 00 - DEWEY DECIMAL CLASSIFICATION NUMBER
Classification number 423/.1
DDC Edition number 21
Author mark and Year THE 2001
245 04 - TITLE STATEMENT
Title The new international Webster's pocket spelling dictionary of the English language /
246 30 - VARYING FORM OF TITLE
Title proper/short title Webster's pocket spelling dictionary of the English language
246 30 - VARYING FORM OF TITLE
Title proper/short title Spelling dictionary of the English language
246 18 - VARYING FORM OF TITLE
Title proper/short title Spelling
250 ## - EDITION STATEMENT
Edition statement New rev. ed., 2000 ed.
260 ## - PUBLICATION, DISTRIBUTION, ETC. (IMPRINT)
Place of publication, distribution, etc [United States] :
Name of publisher, distributor, etc Trident Press International,
Date of publication, distribution, etc 2000
Date of manufacture (2001 printing)
300 ## - PHYSICAL DESCRIPTION
Pagination 318 p. ;
Dimensions 17 cm.
650 #0 - SUBJECT ADDED ENTRY--TOPICAL TERM
Topical term or geographic name as entry element English language
General subdivision Orthography and spelling
Form subdivision Dictionaries.
650 #0 - SUBJECT ADDED ENTRY--TOPICAL TERM
Topical term or geographic name as entry element Spellers.
710 2# - ADDED ENTRY--CORPORATE NAME
Corporate name or jurisdiction name as entry element Trident Press International.
942 ## - ADDED ENTRY ELEMENTS (KOHA)
Source of classification or shelving scheme Dewey Decimal Classification
Koha item type Reference
Holdings
Source of classification or shelving scheme Damaged status Not for loan Home library Current library Shelving location Total Checkouts Full call number Barcode Date last seen Copy number Koha item type
Dewey Decimal Classification     JCC Rouf Library JCC Rouf Library General Stacks   423/.1 NEW 2001 12813 03/19/2018 C - 1 Reference
Dewey Decimal Classification     JCC Rouf Library JCC Rouf Library General Stacks   423/.1 NEW 2001 12727 03/19/2018 C - 2 Reference
Dewey Decimal Classification     JCC Rouf Library JCC Rouf Library General Stacks   423/.1 NEW 2001 12726 03/19/2018 C - 3 Reference
Dewey Decimal Classification     JCC Rouf Library JCC Rouf Library General Stacks   423/.1 NEW 2001 12725 03/19/2018 C - 4 Reference

JCC Library | Contacts | JCC Home

Last Update on 23 September 2017
Copyright @ 2017-2020 JCC Rouf Library
Rouf Library, Jhenidah Cadet College (JCC), Bangladesh